=LDR 00000nam 2200000 4500 =001 INLIS000000000024911 =005 20130612123448 =008 ***********************************Ind** =035 ##$$0010-061300000024911 =041 ##$$a Ind =082 ##$$a 959.814 =090 ##$$a 959.814, Sej s =245 ##$$a Sejarah Daerah Riau, Proyek Penelitian dan Pencatatan Kebudayaan Daerah =260 ##$$a 1978 $b Jakarta =300 ##$$a xi, 265 hlm., 23 cm =650 ##$$a Sejarah Daerah Riau =850 ##$$a NBPNMAT